1719 1160 1379 1802 1759 1180 1704 1199 1779 1129 1263 1162 1710 1792 1079 1400 1425 1623 1801 1726 1950 1436 1987 1678 1176 1922 1677 1014 1329 1180 1235 1207 1141 1464 1254 1503 1095 1857 1575 1848 1342 1190 1853 1404 1011 1590 1166 1907 1627 1250 1561 1083 1693 1738 1475 1018 1354 1836 1413 1387 1826 1671 1774 1299 1950 1281 1304 1166 1305 1264 1490 1598 1491 1050 1675 1328 1414 1492 1576 1588 1341 1035 1233 1642 1107 1319 1187 1442 1351 1582 1930 1526 1909 1531 1809 1009 1987 1796 1248 BCNSPRNW ULIB Ver.6.0+V

เปลี่ยนเป็นภาษาไทย

Change to English
 แสดงรายละเอียดบรรณานุกรม
  กลับหน้าหลัก

Brief Record : Get Marc (ISO 2709) : E-mail record : QR code < ปิดหน้าต่าง
LEADER : 00000nam 2200000uu 4500
001    13399110315
003     ULIB
008    110428s2551||||th 000 0 tha d
020    9789741620500
060 04 WM203.5^bผ179ก 2551
100 0  ผดุง อารยะวิญญู
245 10 กิจกรรมการฝึกทักษะเด็กออทิสติก /^cผดุง อารยะวิญญู ...[และคนอื่น ๆ]
260    กรุงเทพฯ :^bเจ.เอ็น.ที.,^c2551
300    196 หน้า :^bภาพประกอบ
650  2 Autistic disorder
650  2 Child
650  2 Imitative behavior
945    ^p250^l0^i025001
945    ^p250^l0^i024724
945    ^p250^l0^i024725
995    ทศพร
999 ^a ใช้งานได้ทุกระบบ
รายการนี้ยังไม่มีแท็ก
คุณยังไม่ได้ล็อกอิน คุณสามารถมีกิจกรรมร่วมกับเว็บไซต์ได้ แต่ต้องล็อกอินก่อน ::
  ล็อกอิน

รายการสื่อสารสนเทศ

ลำดับที่ ประเภท เลขเรียก/บาร์โค้ด สถานที่ สถานะ
- ไม่พบข้อมูล -

รายการใกล้เคียง
    ผู้แต่ง [ผดุง อารยะวิญญู]

    หัวเรื่อง [Autistic disorder]
    หัวเรื่อง [Child]
    หัวเรื่อง [Imitative behavior]

BibComment


ยังไม่เคยถูกคอมเมนท์

คอมเมนท์ทรัพยากรรายการนี้
  คอมเมนท์: กิจกรรมการฝึกทักษ..


 Copyright 2026. Bcnsprnw @Library